| 000 | 00969nam a22002538a 4500 | ||
|---|---|---|---|
| 005 | 20080709102736.0 | ||
| 008 | 080627s2008 ii 000 0 eng | ||
| 010 | _aENG-92458 | ||
| 020 |
_a9788178298474 _c340.00 |
||
| 035 | _aEN-75991 | ||
| 037 | _bDBAD / PUB | ||
| 040 |
_adpl _bEnglish |
||
| 082 | _a658.406 | ||
| 100 | _aSiddiqui, Moid, 1944- | ||
| 245 |
_aThe acrobatics of change : _bconcepts, techniques, strategies, and execution / _cby Moid Siddiqui [and] R.H. Khwaja. |
||
| 260 |
_aNew Delhi ; _bResponse Books _c2008 |
||
| 300 |
_axii, 292p. _c23cm (pbk) |
||
| 610 | _aSingareni Collieries Company. | ||
| 650 |
_aOrganizational change _xManagement. |
||
| 650 | _aIndustrial management. | ||
| 700 | _aKhwaja, R. H. | ||
| 942 |
_2ddc _cBN _h658.406 _mSID |
||
| 999 |
_c20853 _d20853 |
||